000 01213pam a2200373 a 4500
001 2525288
003 OSt
005 20260623120519.0
008 931020s1995 mauab b 001 0 eng
010 _a 93041631
020 _a0201543923
020 _a9780201543926
035 _a2525288
040 _aDLC
_cDLC
_dDLC
043 _an-us---
050 0 0 _aHB172.5
_b.A24 1995
082 0 0 _a339
_220
100 1 _aAbel, Andrew B.,
_d1952-
245 1 0 _aMacroeconomics /
_cAndrew B. Abel, Ben S. Bernanke.
250 _a2nd ed.
260 _aReading, Mass. :
_bAddison-Wesley,
_cc1995.
300 _axxviii, 641 p. :
_bcol. ill., col. map ;
_c26 cm.
336 _atext
_btxt
_2rdacontent
337 _aunmediated
_bn
_2rdamedia
338 _avolume
_bnc
_2rdacarrier
504 _aIncludes bibliographical references and indexes.
650 0 _aMacroeconomics.
651 0 _aUnited States
_xEconomic conditions.
700 1 _aBernanke, Ben.
906 _a7
_bcbc
_corignew
_d1
_eocip
_f19
_gy-gencatlg
942 _2lcc
_cBK
999 _c266444
_d266443